China : pasado y presente de una gran civilización /
Estudio que presenta un panorama general de China, desde sus orígenes hasta la época contemporánea. Los 17 autores que trazan esta historia dan cuenta de diversas aristas de este país asiático, tales como: cultura, lengua, mitos, religión, pensamiento, derecho, educación, gobierno, ocio, medicina, c...
Guardat en:
| Autor principal: | |
|---|---|
| Format: | Llibre |
| Idioma: | espanyol |
| Publicat: |
Madrid, España :
Alianza,
2017, c2017
|
| Matèries: | |
| Etiquetes: |
Sense etiquetes, Sigues el primer a etiquetar aquest registre!
|
MARC
| LEADER | 00000nam^a2200000^a^4500 | ||
|---|---|---|---|
| 001 | 000399780 | ||
| 005 | 20250521000000.0 | ||
| 009 | 20260310121601.27 | ||
| 020 | |a 978-84-206-0879-2 | ||
| 037 | |a Acervo ITESO - Biblioteca | ||
| 041 | |a ESP | ||
| 082 | |a 951. |b GAR | ||
| 100 | |a García-Noblejas, Gabriel |e (edición) | ||
| 245 | 1 | 0 | |a China : |b pasado y presente de una gran civilización / |c Ed. de G. García-Noblejas |
| 264 | 4 | |a Madrid, España : |b Alianza, |c 2017, c2017 | |
| 300 | |a 749 p. | ||
| 336 | |a texto |b txt |2 rdacontenido | ||
| 337 | |a sin mediación |b n |2 rdamedio | ||
| 338 | |a volumen |b nc |2 rdasoporte | ||
| 520 | |a Estudio que presenta un panorama general de China, desde sus orígenes hasta la época contemporánea. Los 17 autores que trazan esta historia dan cuenta de diversas aristas de este país asiático, tales como: cultura, lengua, mitos, religión, pensamiento, derecho, educación, gobierno, ocio, medicina, cine, arte, literatura y ciencias. | ||
| 521 | |a FIL 2017 EEnlace Departamento de Filosofía y Humanidades | ||
| 649 | |a XX | ||
| 650 | |a Civilización - |z China - |x Historia | ||
| 650 | |a Prácticas Culturales - |z China - |x Historia | ||
| 650 | |a Cultura - |z China - |x Historia | ||
| 650 | |a Mitología China | ||
| 650 | |a Religion - |z China - |x Historia | ||
| 650 | |a Lenguas Orientales - |x Historia | ||
| 650 | |a Filosofía China - |x Historia y Crítica | ||
| 650 | |a Literatura China - |x Historia y Crítica | ||
| 650 | |a Cine Chino - |x Historia y Crítica | ||
| 650 | |a Arte Chino - |x Historia y Crítica | ||
| 650 | |a Educación - |z China - |x Historia | ||
| 650 | |a Derecho - |z China - |x Historia | ||
| 650 | |a Política - |z China - |x Historia | ||
| 650 | |a China - |x Historia - |x Tema Principal | ||
| 910 | |a Fondo General | ||
| 920 | |a Impresos - Libros | ||
| 930 | |a Colección General | ||
| 905 | |a 101 | ||
| 901 | |a 0500294950 |b IT1 |c ACC |i c157653 |u 20250521 | ||
| 902 | |a https://opac.biblio.iteso.mx/vufind/Record/000399780 | ||